| 000 | 01893nam a2200241Ia 4500 | ||
|---|---|---|---|
| 008 | 220216s9999 xx 000 0 und d | ||
| 100 | _aAlkadasi Nabil A N | ||
| 245 | 0 | _aEffect of silane coupling agent on the mechanical properties of flyash-filled chloroprene rubber | |
| 260 |
_bJournal of Rubber Research _c2004 |
||
| 300 | _a167-179 | ||
| 520 | _aAttempts have been made in the utilisation of flyash as a filler for elastomers as it is a waste product from thermal power stations, generated in huge quantities and has disposal problems. It has been used as a filler for rubbers and plastics to a very small extent, although flyash does not contribute at all in enhancing mechanical properties of composites. The purpose of this study was to obtain better utilisation of flyash as a filler, by treating it with silane coupling agent Si-69 i.e. Bis (3-triehtoxysilypropyl) tetrasulphide. Composites of chloroprene rubber containing treated and untreated flyash were made with varying proportions. A two-roll mill was used for dispersing the filler in the rubber and compression moulding was used to cure the compounded material in sheet form. Tensile properties were measured on a computerised Universal Testing Machine using the ASTM procedure. Comparison of properties of composites filled with treated and untreated flyash established that the silane treatment of flyash imparted better reinforcing properties. Tensile strength was improved by ten times whilst modulus at 400;and Youngs modulus were improved by 7.5 and 9 times, respectively at a volume fraction of about 0.5. | ||
| 650 | _aChloroprene rubber | ||
| 650 | _aComposites | ||
| 650 | _aFillers | ||
| 650 | _aFlyash | ||
| 650 | _aMechanical properties | ||
| 650 | _aSi-69 | ||
| 650 | _aSilane coupling agent | ||
| 700 | _aHundiwale D G | ||
| 700 | _aKapadi U R | ||
| 700 | _aSarwade Bhimrao D | ||
| 942 | _cJS | ||
| 999 |
_c58118 _d58118 |
||